James Bond Movies - Statistics

General Stats
  • This quiz has been taken 28 times
  • The average score is 18 of 25
Answer Stats
Hint Answer % Correct
(1962) Sean Connery, Honey Ryder, Crab Key Dr. No
92%
(2006) Daniel Craig, Le Chiffre, Vesper Lynd Casino Royale
88%
(1963) Sean Connery, Tatiana Romanova, Ali Kerim Bay From Russia With Love
88%
(1964) Sean Connery, Pussy Galore, Oddjob Goldfinger
88%
(1979) Roger Moore, Space Shuttle, Drax Moonraker
85%
(1983) Roger Moore, Fabergé Egg, Octopus Cult Octopussy
85%
(2012) Daniel Craig, Raoul Silva, Death of M Skyfall
81%
(1995) Pierce Brosnan, Simonova, Electromagnetic Pulse GoldenEye
77%
(2008) Daniel Craig, Haïti, Dominic Greene Quantum Of Solace
77%
(2015) Daniel Craig, Nine Eyes, Ernst Stavro Blofeld Spectre
73%
(1974) Roger Moore, Solax Agitator, Scaramanga The Man With The Golden Gun
73%
(1965) Sean Connery, Atomic bombs, Emilio Largo Thunderball
73%
(2002) Pierce Brosnan, North Korea, Icarus Die Another Day
69%
(1973) Roger Moore, Dr. Kananga, Voodoo Live And Let Die
69%
(1987) Timothy Dalton, Leonid Pushkin, Diamonds and Drugs The Living Daylights
69%
(1967) Sean Connery, Japan, Osato You Only Live Twice
69%
(1971) Sean Connery, Willard Whyte, Precious gems Diamonds Are Forever
65%
(1977) Roger Moore, Anya Amasova, Nuclear Bombs The Spy Who Loved Me
65%
(1969) George Lazenby, Tracy di Vicenzo, Swiss Alps On Her Majesty's Secret Service
62%
(1999) Pierce Brosnan, Elektra King, Plutonium bombs The World Is Not Enough
62%
(1981) Roger Moore, ATAC, Columbo For Your Eyes Only
58%
(1989) Timothy Dalton, Franz Sanchez, Revocation of Licence to Kill Licence To Kill
58%
(1985) Roger Moore, Max Zorin, Microchips A View To A Kill
54%
(2020) Daniel Craig, Abduction Scientist, Off Active Duty No Time To Die
50%
(1997) Pierce Brosnan, British Warship, Wai Lin Tomorrow Never Dies
50%
No matching quizzes found
Score Distribution
Percent of People with Each Score
Percentile by Number Answered
Your Score History
You have not taken this quiz